| Tag |
First Indicator |
Second Indicator |
Subfields |
| LEADER |
00000cam a22000001 4500 |
| 001 |
in00000215513 |
| 005 |
20151009064153.0 |
| 008 |
790405s1951 nyu 00000 eng d |
| 010 |
|
|
|a 51014019
|
| 019 |
|
|
|a 1223582
|a 4068206
|
| 035 |
|
|
|a (OCoLC)00884463
|
| 035 |
|
|
|9 AAY1622AM
|
| 040 |
|
|
|a DLC
|c DLC
|d TXA
|d UtOrBLW
|
| 043 |
|
|
|a n-us---
|
| 049 |
|
|
|a TXAM
|c [205695]
|
| 050 |
0 |
0 |
|a KF3114.6
|b .M3
|
| 082 |
0 |
|
|a 608
|
| 100 |
1 |
|
|a Mandell, Irving,
|d 1923-
|
| 245 |
1 |
0 |
|a How to protect and patent your invention ;
|b patent law.
|
| 264 |
|
1 |
|a New York :
|b Oceana Publications,
|c [1951]
|
| 264 |
|
4 |
|c [©1951]
|
| 300 |
|
|
|a 80 pages ;
|c 19 cm.
|
| 336 |
|
|
|a text
|b txt
|2 rdacontent
|
| 337 |
|
|
|a unmediated
|b n
|2 rdamedia
|
| 338 |
|
|
|a volume
|b nc
|2 rdacarrier
|
| 490 |
1 |
|
|a Legal almanac series ;
|v no. 28
|
| 650 |
|
0 |
|a Patent laws and legislation
|z United States
|v Popular works.
|
| 830 |
|
0 |
|a Legal almanac series ;
|v no. 28.
|
| 999 |
|
|
|a MARS
|
| 999 |
f |
f |
|s 7384ad28-dfc3-359d-a767-35dc556f03c3
|i 1eae93f3-efdc-3d60-93cf-3db36e344a39
|t 0
|
| 952 |
f |
f |
|p normal
|a Texas A&M University
|b College Station
|c Sterling C. Evans Library
|d Evans: Library Stacks
|t 0
|e KF3114.6 .M3
|h Library of Congress classification
|i unmediated -- volume
|m A14803174130
|
| 998 |
f |
f |
|a KF3114.6 .M3
|t 0
|l Evans: Library Stacks
|